El desarrollo humano y la proteccin̤ de los derechos humanos en poblaciones vulnerables

Detalles Bibliográficos
Autor principal: Aąǫs Bedriąna, Karen Giovanna
Formato: eBook
Lenguaje:español
Publicado: Madrid: Dykinson, 2021
Materias:
Acceso en línea:Acceso restringido

MARC

LEADER 00000nam a22000007a 4500
005 20220719230729.0
007 cr|||| ||||
008 220719s2021 es |||||s|||| 00||0 spa d
020 |a 978-84-1122-087-3 
035 |a 36462 
040 |a vLex 
090 |c 13594  |d 13594 
100 1 |a Aąǫs Bedriąna, Karen Giovanna 
245 1 2 |a El desarrollo humano y la proteccin̤ de los derechos humanos en poblaciones vulnerables  |h [Recurso electrn̤ico] /  |c Karen Giovanna Aąǫs Bedriąna 
256 |a Servicio en ln̕ea 
260 |a Madrid:  |b Dykinson,  |c 2021 
300 |a 1 recurso electrn̤ico 
500 |a El presente libro tiene por objetivo visibilizar la problemt̀ica de grupos en situacin̤ de vulnerabilidad, en particular, de las personas privadas de libertad, los mayores de 60 aǫs, las personas migrantes, refugiadas y solicitantes de asilo, las mujeres, los afrodescendientes, los pueblos indg̕enas y ťnicos, los menores no acompaądos, el colectivo LGBTIQ+ y las personas con discapacidad. Tras la irrupcin̤ de la pandemia de la COVID-19, que ha provocado una grave crisis, a nivel global, se ha acrecentado an︢ ms̀ la fragilidad de estos segmentos de la poblacin̤ y, en la actualidad, siguen siendo todava̕ discriminados, marginados y sus derechos conculcados. En la obra, los autores y las autoras, desde un enfoque multidisciplinar de los derechos humanos, el derecho internacional, el derecho constitucional y las relaciones internacionales, reflexionan y ayudan a entender esta realidad en diferentes zonas del mundo. Asimismo, en ese contexto, se presentan soluciones a los principales desafo̕s en el continente americano y europeo, no dejando de lado el asit̀ico y el africano, que se recogen a lo largo de los 24 capt̕ulos que recopila el libro. Estas cuestiones se han planteado, desde una p̤tica ter̤ica y prc̀tica, por acadm̌icos, investigadores y profesionales de organismos internacionales, como especialistas en los correspondientes ejes temt̀icos. El texto est ̀organizado en tres bloques, con una perspectiva jurd̕ica, econm̤ica, social y pedagg̤ica. En primer lugar, se aborda el Desarrollo Humano y la Agenda 2030 de Naciones Unidas, en relacin̤ con los colectivos menos favorecidos de la sociedad, mientras que el segundo y tercer bloque estǹ centrados en la proteccin̤ y/o vulneracin̤ de sus derechos humanos, con especial referencia al impacto negativo de la COVID-19. En estos momentos, el mundo est ̀cambiando. De hecho, la pandemia ha reactivado reflejos cooperativos frente a uno de los peores desafo̕s a los que se enfrenta la humanidad, impulsando a la Comunidad Internacional y los Estados a instaurar una nueva hoja de ruta, replanteando el establecimiento de polt̕icas pb︢licas, que permitan proteger y empoderar a los sectores sociales ms̀ vulnerables. En definitiva, invocamos a esa necesaria cooperacin̤ entre el Estado, como responsable mx̀imo de la proteccin̤ de los derechos de sus ciudadanos y ciudadanas, y las comunidades ms̀ db̌iles de los pas̕es para aportar soluciones a sus necesidades, en sintona̕ con el artc̕ulo 2 de la Declaracin̤ Universal de Derechos Humanos, que contempla, que: todos y todas gozamos de derechos y libertades, sin ningn︢ tipo de discriminacin̤ ni distincin̤ alguna de “raza, color, sexo, idioma, religin̤, opinin̤ polt̕ica o de cualquier otra n̕dole, origen nacional o social, posicin̤ econm̤ica, nacimiento o cualquier otra condicin̤”. 
506 1 |a Disponible solo en los productos indicados  |d vLex Global  |d vLex Global (Academic Edition, excluding Law Schools)  |d vLex Global (U.S. Academic Edition, Law Schools)  |d vLex Global (U.S. Academic Edition, excluding Law Schools)  |d vLex Global (Academic Edition, Law Schools) 
650 0 4 |a Derecho Constitucional  |z Espaą 
650 0 4 |a Derecho Militar  |z Espaą 
650 0 4 |a Filosofa̕ y religin̤  |z Espaą 
740 0 |a vLex Libros (Servicio en ln̕ea) 
856 4 0 |u https://app.vlex.com/#/sources/36462  |z Acceso restringido 
942 |c BOOK 
999 0 |a Constitutional Law 
999 0 |a Military Law 
999 0 |a Philosophy and religion